| 000 | 00724nam a2200241 a 4500 | ||
|---|---|---|---|
| 001 | 1356 | ||
| 003 | CDMR | ||
| 005 | 20131212094743.0 | ||
| 008 | 130130s1983||||||||||||||||||||||||||||d | ||
| 020 | _a8425211409 | ||
| 040 |
_aCDMR _bcat _cCDMR |
||
| 100 | 1 |
_aSmith, Anthony _91053 |
|
| 245 | 1 | 0 |
_aGoodbye Gutenberg _b: la revolución del periodismo electrónico _cA. Smith |
| 260 |
_aBarcelona _c1983 _bGustavo Gili |
||
| 300 | _a433 p. | ||
| 490 | 0 | _aGG MassMedia | |
| 650 | 0 | 4 |
_91130 _aPremsa _xHistòria |
| 650 | 0 | 4 |
_94072 _aHistòria social |
| 650 | 0 | 4 |
_94141 _aPremsa _xInnovacions tecnològiques |
| 650 | 0 | 4 |
_93098 _aDiaris _xCompaginació i composició |
| 650 | 0 | 4 |
_93364 _aTecnologia de la informació |
| 942 |
_cMON _2udc |
||
| 999 |
_c1356 _d1356 |
||